Fire prevention and fire fighting (Model Course 1.20) (Record no. 213)

000 -LEADER
fixed length control field 00479 a2200157 4500
008 - FIXED-LENGTH DATA ELEMENTS--GENERAL INFORMATION
fixed length control field 220330b ||||| |||| 00| 0 eng d
020 ## - INTERNATIONAL STANDARD BOOK NUMBER
International Standard Book Number 9789280150810
082 00 - DEWEY DECIMAL CLASSIFICATION NUMBER
Classification number 623.8886
Item number I339
110 ## - MAIN ENTRY--CORPORATE NAME
9 (RLIN) 76
Corporate name or jurisdiction name as entry element International Maritime Organization
245 ## - TITLE STATEMENT
Title Fire prevention and fire fighting (Model Course 1.20)
260 ## - PUBLICATION, DISTRIBUTION, ETC. (IMPRINT)
Place of publication, distribution, etc London:
Name of publisher, distributor, etc International Maritime Organization,
Date of publication, distribution, etc 2000.
300 ## - PHYSICAL DESCRIPTION
Extent v, 56 p.
490 0# - SERIES STATEMENT
Series statement Model Course;
Volume number/sequential designation 1.20
650 #0 - SUBJECT ADDED ENTRY--TOPICAL TERM
Topical term or geographic name as entry element Merchant Marine
942 ## - ADDED ENTRY ELEMENTS (KOHA)
Source of classification or shelving scheme
Item type Books
Holdings
Withdrawn status Lost status Source of classification or shelving scheme Damaged status Not for loan Permanent location Current location Date acquired Source of acquisition Cost, normal purchase price Full call number Barcode Date last seen Cost, replacement price Koha item type Total Checkouts Date last borrowed Checked out
          IMU Kolkata IMU Kolkata 2019-09-16 Sterling Book House 1304.41 623.8886 I339 13156 2019-09-16 1449.35 Books      
          IMU Kolkata IMU Kolkata 2019-09-16 Sterling Book House 1304.41 623.8886 I339 13157 2024-05-10 1449.35 Books 1 2023-12-13  
          IMU Kolkata IMU Kolkata 2000-08-16 Jyoti, the Book People   623.8886 I339 09287 2022-09-15 1008.00 Books 1 2022-09-15 2023-04-19
Designed and Maintained by IMU-KC Library, Kolkata Campus © Copyright All Rights Reserved

webs counters

Powered by Koha